Zlato z kaspických vôd

Bibliographic Details
Main Author: Hudecová-Podhorná, Soňa (Author)
Format: Article
Language:Slovak
PhysicalDescription:Fotogr.
ISSN:1335-4620
Subjects:

MARC

LEADER 00000nab a2200000 ar4500
001 vtls008998522
003 SK-MaSNL
005 20260303065850.0
008 070613c2007 xo er|p|||||||000 b|slo
015 |a SNBRB2007/06  |2 snkbucl 
040 |a SNKBUCL  |b slo  |c SNKBUCL  |e AACR2 
041 0 |a slo 
044 |a xo  |c SK 
080 |a 639.382  |2 2001 
100 1 |a Hudecová-Podhorná, Soňa  |4 aut  |9 546018 
245 1 0 |a Zlato z kaspických vôd  |c Soňa Hudecová-Podhorná 
300 |b Fotogr. 
650 0 7 |a kaviár  |2 snkbucl  |9 93504 
773 0 |t Profit  |g Č. 5 (2007), s. 49  |x 1335-4620 
852 |a SNK  |b KIS3GCP 
999 |c 1753028  |d 1754958